[Event "chess.com Junior Speed"]
[Site "chess.com INT"]
[Date "2019.06.17"]
[Round "1.12"]
[White "Moroni, Luca Jr"]
[Black "Maghsoodloo, Parham"]
[Result "0-1"]
[WhiteTitle "GM"]
[BlackTitle "GM"]
[WhiteElo "2553"]
[BlackElo "2671"]
[WhiteFideId "865834"]
[BlackFideId "12539929"]
[EventDate "2019.05.16"]

1. e4 c5 2. Nf3 Nc6 3. d4 cxd4 4. Nxd4 Nf6 5. Nc3 d6 6. Be2 Bd7 7. Be3 a6 8. O-O
g6 9. f4 Bg7 10. Bf3 O-O 11. Qd2 Rc8 12. Nxc6 Bxc6 13. Rad1 Qc7 14. Bd4 Rfd8 15.
Qe3 Nd7 16. Bxg7 Kxg7 17. Nd5 Bxd5 18. exd5 Qb6 19. Qxb6 Nxb6 20. Rf2 Rc7 21. h4
Nc4 22. c3 b5 23. Re1 h5 24. Rfe2 Kf6 25. Kf2 a5 26. a3 Rb8 27. Be4 b4 28. cxb4
axb4 29. a4 b3 30. Rc1 Rc5 31. Rc3 Rb4 32. Kf3 Na5 33. Ree3 Rxa4 34. Rxc5 dxc5
35. d6 exd6 36. Bd5 Rd4 37. Bxb3 Nxb3 38. Rxb3 Kf5 39. g3 c4 40. Rb7 f6 41. Rb5+
d5 42. Rb6 Rd3+ 43. Kf2 Rb3 44. Rd6 Rxb2+ 45. Ke3 Rb3+ 46. Kd4 Rd3+ 47. Kc5 c3 0-1

[Event "chess.com Junior Speed"]
[Site "chess.com INT"]
[Date "2019.06.17"]
[Round "1.13"]
[White "Maghsoodloo, Parham"]
[Black "Moroni, Luca Jr"]
[Result "1-0"]
[WhiteTitle "GM"]
[BlackTitle "GM"]
[WhiteElo "2671"]
[BlackElo "2553"]
[WhiteFideId "12539929"]
[BlackFideId "865834"]
[EventDate "2019.05.16"]

1. c4 e6 2. g3 d5 3. Bg2 Nf6 4. Nf3 dxc4 5. O-O a6 6. a4 Nc6 7. Na3 Na5 8. Qc2
Bxa3 9. Rxa3 O-O 10. d3 Qe7 11. Ne5 Nd7 12. Nxc4 Nxc4 13. Qxc4 Nf6 14. Bf4 e5
15. Be3 Rd8 16. Rc1 c6 17. Bc5 Qe8 18. a5 Be6 19. Qc2 Bd5 20. e4 Be6 21. h3 Nd7
22. Be3 f6 23. f4 exf4 24. gxf4 Qh5 25. f5 Bf7 26. d4 c5 27. d5 Rac8 28. Bf4 Re8
29. Qf2 Ne5 30. Rg3 c4 31. Bf1 Nd3 32. Bxd3 cxd3 33. Rxc8 Rxc8 34. Rxd3 g6 35.
d6 gxf5 36. d7 Rd8 37. Bc7 fxe4 38. Rg3+ Kf8 39. Bd6# 1-0

[Event "chess.com Junior Speed"]
[Site "chess.com INT"]
[Date "2019.06.17"]
[Round "1.14"]
[White "Moroni, Luca Jr"]
[Black "Maghsoodloo, Parham"]
[Result "0-1"]
[WhiteTitle "GM"]
[BlackTitle "GM"]
[WhiteElo "2553"]
[BlackElo "2671"]
[WhiteFideId "865834"]
[BlackFideId "12539929"]
[EventDate "2019.05.16"]

1. d4 d5 2. c4 e6 3. Nc3 a6 4. cxd5 exd5 5. Qb3 c5 6. dxc5 Nc6 7. Nf3 Nf6 8. Bg5
Bxc5 9. e3 d4 10. Bxf6 gxf6 11. Ne4 Bb4+ 12. Nfd2 f5 13. a3 Ba5 14. O-O-O fxe4
15. Nxe4 Be6 16. Bc4 Qe7 17. Bxe6 fxe6 18. exd4 O-O-O 19. Nc5 Rd5 20. Qc4 Kb8
21. Kb1 Rhd8 22. Nxa6+ Ka7 23. Nc5 Nxd4 24. Nb3 Bb6 25. Qa4+ Kb8 26. Nxd4 Bxd4
27. Rhe1 Qd6 28. Re2 e5 29. g3 Qb6 30. f4 Rb5 31. Rdd2 e4 32. Qc4 e3 33. Rc2 Rc5
34. Qd3 Qg6 35. f5 Qxf5 36. Qxf5 Rxf5 0-1

[Event "chess.com Junior Speed"]
[Site "chess.com INT"]
[Date "2019.06.17"]
[Round "1.15"]
[White "Maghsoodloo, Parham"]
[Black "Moroni, Luca Jr"]
[Result "1-0"]
[WhiteTitle "GM"]
[BlackTitle "GM"]
[WhiteElo "2671"]
[BlackElo "2553"]
[WhiteFideId "12539929"]
[BlackFideId "865834"]
[EventDate "2019.05.16"]

1. Nf3 Nf6 2. g3 b6 3. Bg2 Bb7 4. O-O g6 5. b3 Bg7 6. Bb2 O-O 7. c4 d6 8. d4
Nbd7 9. Nc3 Ne4 10. Nd5 e6 11. Ne3 f5 12. Qc2 Ndf6 13. Rad1 Qe7 14. Ne1 c5 15.
dxc5 bxc5 16. Nd3 Ng5 17. f3 e5 18. Qd2 Ne6 19. Nc2 h5 20. Nf2 h4 21. Qxd6 Qxd6
22. Rxd6 Nd4 23. Nxd4 exd4 24. Nd3 Rac8 25. Ba3 Rfe8 26. Nxc5 Ba8 27. Ne6 hxg3
28. hxg3 Nh5 29. Nxg7 Kxg7 30. Kf2 f4 31. g4 Ng3 32. Re1 g5 33. Rxd4 Re3 34. Bc1
Re6 35. Bxf4 gxf4 36. Rxf4 1-0

[Event "chess.com Junior Speed"]
[Site "chess.com INT"]
[Date "2019.06.17"]
[Round "1.16"]
[White "Moroni, Luca Jr"]
[Black "Maghsoodloo, Parham"]
[Result "0-1"]
[WhiteTitle "GM"]
[BlackTitle "GM"]
[WhiteElo "2553"]
[BlackElo "2671"]
[WhiteFideId "865834"]
[BlackFideId "12539929"]
[EventDate "2019.05.16"]

1. d4 d5 2. c4 e6 3. Nc3 a6 4. cxd5 exd5 5. Qb3 c5 6. Nf3 c4 7. Qc2 Nc6 8. Bg5
Be7 9. Bxe7 Ngxe7 10. e4 b5 11. O-O-O O-O 12. Be2 dxe4 13. Qxe4 Bf5 14. Qf4 Nb4
15. d5 Bd3 16. Bxd3 Nxd3+ 17. Rxd3 cxd3 18. Qd4 b4 19. Qxb4 Nxd5 20. Nxd5 Qxd5
21. Kb1 Rfc8 22. Rd1 Rab8 23. Qa3 Rc2 24. Rd2 Qc4 25. b3 Qc3 0-1

[Event "chess.com Junior Speed"]
[Site "chess.com INT"]
[Date "2019.06.17"]
[Round "1.17"]
[White "Maghsoodloo, Parham"]
[Black "Moroni, Luca Jr"]
[Result "1-0"]
[WhiteTitle "GM"]
[BlackTitle "GM"]
[WhiteElo "2671"]
[BlackElo "2553"]
[WhiteFideId "12539929"]
[BlackFideId "865834"]
[EventDate "2019.05.16"]

1. g3 Nf6 2. Bg2 d5 3. Nf3 c6 4. O-O Bf5 5. d3 e6 6. Qe1 h6 7. Nh4 Bh7 8. f4
Nbd7 9. Nc3 Be7 10. e4 O-O 11. e5 Ne8 12. Nf3 Nc7 13. g4 f6 14. exf6 Bxf6 15. g5
hxg5 16. fxg5 Bxc3 17. bxc3 Qe7 18. Qg3 Rxf3 19. Rxf3 Nf8 20. Bf4 Nb5 21. a4
Nxc3 22. Re1 Bg6 23. h4 Bh5 24. Bd6 Qd7 25. Rf2 Ng6 26. Bh3 Re8 27. Be5 d4 28.
Kh2 Qd5 29. Bd6 e5 30. Bb4 Nxa4 31. Bg4 Bxg4 32. Qxg4 c5 33. h5 Nf8 34. Bd2 Qd6
35. g6 Nd7 36. Bg5 Nc3 37. Kh3 Nd5 38. Rf7 N7f6 39. Qf5 e4 40. h6 Ne3 41. Rxg7+
Kh8 42. Bxf6 Nxf5 43. Rh7+ Kg8 44. Rh8# 1-0

[Event "chess.com Junior Speed"]
[Site "chess.com INT"]
[Date "2019.06.17"]
[Round "1.18"]
[White "Moroni, Luca Jr"]
[Black "Maghsoodloo, Parham"]
[Result "1-0"]
[WhiteTitle "GM"]
[BlackTitle "GM"]
[WhiteElo "2553"]
[BlackElo "2671"]
[WhiteFideId "865834"]
[BlackFideId "12539929"]
[EventDate "2019.05.16"]

1. e4 e6 2. d4 d5 3. exd5 exd5 4. Nc3 Nf6 5. Bd3 c6 6. Nge2 Bd6 7. Bg5 h6 8. Bh4
Be6 9. Qd2 Nbd7 10. O-O-O Qc7 11. f4 Bg4 12. h3 Bxe2 13. Qxe2+ Kf8 14. f5 Bg3
15. Bxg3 Qxg3 16. Rhf1 Re8 17. Qf3 Qxf3 18. Rxf3 h5 19. Ne2 h4 20. Nf4 Ke7 21.
Re3+ Kd6 22. Rde1 Rxe3 23. Rxe3 Re8 24. Rxe8 Nxe8 25. Kd2 Ndf6 26. Ke3 Ke7 27.
Ne2 Nh5 28. Ng1 Kf6 29. Nf3 Ng3 30. Nxh4 Nd6 31. Kf4 Nge4 32. g4 g5+ 33. fxg6
fxg6 34. Nf3 g5+ 35. Ke3 b6 36. Ne5 c5 37. dxc5 Kxe5 38. cxd6 d4+ 39. Kf3 Nxd6
40. Kg3 Kf6 41. h4 Nf7 42. h5 Ke5 43. Kf3 Nh6 44. b4 a5 45. bxa5 bxa5 46. a4 Kd5
47. Bf5 Ke5 48. Bc8 Kd5 49. Ke2 Kc4 50. Kd2 Kb4 51. Bd7 Kc4 52. Be6+ Kb4 53. Kd3
Kxa4 54. Kxd4 Kb5 55. Ke5 a4 56. Kf6 a3 57. Kxg5 Nxg4 58. Kxg4 a2 59. Bxa2 1-0

[Event "chess.com Junior Speed"]
[Site "chess.com INT"]
[Date "2019.06.17"]
[Round "1.19"]
[White "Maghsoodloo, Parham"]
[Black "Moroni, Luca Jr"]
[Result "1-0"]
[WhiteTitle "GM"]
[BlackTitle "GM"]
[WhiteElo "2671"]
[BlackElo "2553"]
[WhiteFideId "12539929"]
[BlackFideId "865834"]
[EventDate "2019.05.16"]

1. Nf3 d5 2. g3 Nf6 3. Bg2 g6 4. O-O Bg7 5. d3 O-O 6. Nbd2 c5 7. c3 Nc6 8. a3 a5
9. a4 b6 10. e4 Ba6 11. exd5 Nxd5 12. Nc4 Qc7 13. Qb3 Rad8 14. Re1 Rfe8 15. Bd2
h6 16. Rad1 Bb7 17. h4 e5 18. h5 g5 19. Bc1 Kh7 20. Nfd2 Nde7 21. Qxb6 Qxb6 22.
Nxb6 Rxd3 23. Be4+ 1-0

[Event "chess.com Junior Speed"]
[Site "chess.com INT"]
[Date "2019.06.17"]
[Round "1.20"]
[White "Moroni, Luca Jr"]
[Black "Maghsoodloo, Parham"]
[Result "1-0"]
[WhiteTitle "GM"]
[BlackTitle "GM"]
[WhiteElo "2553"]
[BlackElo "2671"]
[WhiteFideId "865834"]
[BlackFideId "12539929"]
[EventDate "2019.05.16"]

1. d4 d5 2. Bf4 Nf6 3. e3 e6 4. Nf3 Bd6 5. Nbd2 O-O 6. c3 b6 7. Bd3 Ba6 8. Bxa6
Nxa6 9. O-O c5 10. Qe2 Nc7 11. dxc5 bxc5 12. Bxd6 Qxd6 13. e4 Nd7 14. Rad1 Rab8
15. b3 Rfd8 16. c4 d4 17. e5 Qe7 18. Ne4 Na6 19. h4 Nb4 20. Neg5 h6 21. Nh3 a5
22. g4 d3 23. Qe4 Nxa2 24. Rxd3 Nb4 25. Rd6 Nf8 26. Rfd1 Ng6 27. g5 h5 28. Nf4
Nxf4 29. Qxf4 Nc6 30. g6 fxg6 31. Qe4 Qe8 32. R1d3 Nb4 33. Rd2 Qf8 34. Ng5 Rxd6
35. exd6 Qf5 36. Qxe6+ Qxe6 37. Nxe6 Nc6 38. d7 Nd4 39. Nxd4 cxd4 40. Rxd4 Rd8
41. c5 1-0

[Event "chess.com Junior Speed"]
[Site "chess.com INT"]
[Date "2019.06.17"]
[Round "1.21"]
[White "Maghsoodloo, Parham"]
[Black "Moroni, Luca Jr"]
[Result "0-1"]
[WhiteTitle "GM"]
[BlackTitle "GM"]
[WhiteElo "2671"]
[BlackElo "2553"]
[WhiteFideId "12539929"]
[BlackFideId "865834"]
[EventDate "2019.05.16"]

1. Nf3 Nf6 2. g3 d5 3. Bg2 g6 4. O-O Bg7 5. d3 O-O 6. Nbd2 c5 7. c3 Nc6 8. a3 a5
9. a4 b6 10. Re1 e5 11. e4 d4 12. Nc4 Re8 13. Qb3 Rb8 14. cxd4 cxd4 15. Bd2 h6
16. Rac1 Be6 17. Qb5 Bd7 18. Qb3 Be6 19. Qb5 Bd7 20. Nd6 Re6 21. Nxf7 Kxf7 22.
Rxc6 Bxc6 23. Nxe5+ Rxe5 24. Qxe5 Rc8 25. Qf4 Kg8 26. Bh3 Bd7 27. Bg2 Bxa4 28.
e5 Nd5 29. Qxd4 Bc6 30. Qg4 Ne7 31. Bxc6 Rxc6 32. d4 Qd5 33. Be3 Kh7 34. h4 h5
35. Qf4 Nf5 36. g4 Bh6 37. g5 Bg7 38. Rd1 Rc2 39. Bc1 b5 40. Kf1 a4 41. Kg1 b4
42. f3 Rc6 43. Qe4 Qb3 44. d5 Qxd1+ 0-1

[Event "chess.com Junior Speed"]
[Site "chess.com INT"]
[Date "2019.06.17"]
[Round "1.22"]
[White "Moroni, Luca Jr"]
[Black "Maghsoodloo, Parham"]
[Result "0-1"]
[WhiteTitle "GM"]
[BlackTitle "GM"]
[WhiteElo "2553"]
[BlackElo "2671"]
[WhiteFideId "865834"]
[BlackFideId "12539929"]
[EventDate "2019.05.16"]

1. d4 Nf6 2. c4 g6 3. g3 Bg7 4. Bg2 d5 5. cxd5 Nxd5 6. Nf3 Nb6 7. Nc3 O-O 8. O-O
a5 9. e4 a4 10. Rb1 Nc6 11. d5 Na5 12. Qd3 c6 13. Be3 Nac4 14. Bd4 e5 15. Bxb6
Nxb6 16. Rfd1 cxd5 17. exd5 Bf5 18. Ne4 Qxd5 19. Qxd5 Nxd5 20. Nxe5 Nb4 21. Nd7
Rfd8 22. Ndc5 b6 23. a3 bxc5 24. axb4 cxb4 25. Rxd8+ Rxd8 26. h3 a3 27. bxa3
bxa3 0-1

[Event "chess.com Junior Speed"]
[Site "chess.com INT"]
[Date "2019.06.17"]
[Round "1.23"]
[White "Maghsoodloo, Parham"]
[Black "Moroni, Luca Jr"]
[Result "1-0"]
[WhiteTitle "GM"]
[BlackTitle "GM"]
[WhiteElo "2671"]
[BlackElo "2553"]
[WhiteFideId "12539929"]
[BlackFideId "865834"]
[EventDate "2019.05.16"]

1. Nf3 Nf6 2. c4 b6 3. g3 Bb7 4. Bg2 g6 5. b3 Bg7 6. Bb2 O-O 7. O-O d6 8. d4
Nbd7 9. d5 c6 10. dxc6 Bxc6 11. Nc3 Nc5 12. Qc2 Qc7 13. Rac1 Rfc8 14. Rfd1 Qb7
15. Ne1 Bxg2 16. Nxg2 a6 17. a4 h5 18. Ne3 h4 19. Ned5 hxg3 20. hxg3 Nxd5 21.
Nxd5 b5 22. axb5 axb5 23. cxb5 Bxb2 24. Qxb2 e5 25. b6 Kg7 26. b4 Ne6 27. e4 Nd4
28. Rxc8 Rxc8 29. Rxd4 exd4 30. Qxd4+ Kg8 31. Qf6 Re8 32. Qxd6 Re6 33. Qc7 Qa6
34. b7 Qa1+ 35. Kg2 1-0

[Event "chess.com Junior Speed"]
[Site "chess.com INT"]
[Date "2019.06.17"]
[Round "1.24"]
[White "Moroni, Luca Jr"]
[Black "Maghsoodloo, Parham"]
[Result "1-0"]
[WhiteTitle "GM"]
[BlackTitle "GM"]
[WhiteElo "2553"]
[BlackElo "2671"]
[WhiteFideId "865834"]
[BlackFideId "12539929"]
[EventDate "2019.05.16"]

1. d4 f5 2. c4 Nf6 3. g3 g6 4. Bg2 Bg7 5. b3 O-O 6. Bb2 d6 7. Nf3 Ne4 8. Nbd2 c5
9. O-O Nc6 10. e3 Nxd2 11. Qxd2 e5 12. dxe5 dxe5 13. Qd5+ Kh8 14. Qxc5 Qe8 15.
Rad1 b6 16. Qd6 Ba6 17. Ng5 Rf6 18. Bxc6 Rxd6 19. Bxe8 Rxd1 20. Rxd1 Rxe8 21.
Rd7 Bc8 22. Rxa7 Kg8 23. Nf7 Be6 24. Nxe5 Rd8 25. Rxg7+ Kxg7 26. Nc6+ 1-0

[Event "chess.com Junior Speed"]
[Site "chess.com INT"]
[Date "2019.06.17"]
[Round "1.25"]
[White "Maghsoodloo, Parham"]
[Black "Moroni, Luca Jr"]
[Result "1-0"]
[WhiteTitle "GM"]
[BlackTitle "GM"]
[WhiteElo "2671"]
[BlackElo "2553"]
[WhiteFideId "12539929"]
[BlackFideId "865834"]
[EventDate "2019.05.16"]

1. Nf3 Nf6 2. c4 e6 3. g3 d5 4. Bg2 dxc4 5. O-O a6 6. a4 Nc6 7. Na3 Bxa3 8. Rxa3
O-O 9. Qc2 e5 10. Qxc4 Be6 11. Qc2 Nd5 12. d3 f6 13. Bd2 Qe7 14. Rc1 Rfc8 15.
Qc5 Qxc5 16. Rxc5 Nde7 17. h3 Rab8 18. e4 b6 19. Rc1 a5 20. Rac3 Bd7 21. Be3 Kf7
22. b3 Ke8 23. Kh2 Nb4 24. d4 exd4 25. Nxd4 Na2 26. Bf4 Nxc3 27. Rxc3 Ng6 28.
Be3 c5 29. Nb5 Bxb5 30. axb5 Rd8 31. f4 Rd1 32. Bf3 Rb1 33. h4 Rd8 34. h5 Ne7
35. g4 Rb2+ 36. Kg3 Nc8 37. e5 fxe5 38. fxe5 Ne7 39. h6 g6 40. Bg5 Rd4 41. Bc6+
Kf7 42. Rf3+ Ke6 43. Be8 Rb4 44. Bf7+ Kd7 45. Bc4 a4 46. Rf7 Rxc4 47. Rxe7+ Kc8
48. bxc4 Kb8 49. e6 a3 50. Rxh7 a2 51. e7 Re2 52. Bf6 Re6 1-0

[Event "chess.com Junior Speed"]
[Site "chess.com INT"]
[Date "2019.06.17"]
[Round "1.26"]
[White "Moroni, Luca Jr"]
[Black "Maghsoodloo, Parham"]
[Result "0-1"]
[WhiteTitle "GM"]
[BlackTitle "GM"]
[WhiteElo "2553"]
[BlackElo "2671"]
[WhiteFideId "865834"]
[BlackFideId "12539929"]
[EventDate "2019.05.16"]

1. e4 Nf6 2. e5 Nd5 3. d4 d6 4. c4 Nb6 5. exd6 exd6 6. Nc3 Be7 7. Be3 O-O 8. Bd3
Re8 9. Qc2 h6 10. Nge2 Nc6 11. a3 Bg5 12. Bxg5 Qxg5 13. O-O Bh3 14. Ng3 Nxd4 15.
Bh7+ Kh8 16. Qd3 Be6 17. Nge4 Qe5 18. f4 Bxc4 19. Qd1 Qe7 20. Qxd4 Bxf1 21. Rxf1
Kxh7 22. f5 f6 23. Qd3 d5 24. Ng3 Qe3+ 0-1

[Event "chess.com Junior Speed"]
[Site "chess.com INT"]
[Date "2019.06.17"]
[Round "1.27"]
[White "Maghsoodloo, Parham"]
[Black "Moroni, Luca Jr"]
[Result "1/2-1/2"]
[WhiteTitle "GM"]
[BlackTitle "GM"]
[WhiteElo "2671"]
[BlackElo "2553"]
[WhiteFideId "12539929"]
[BlackFideId "865834"]
[EventDate "2019.05.16"]

1. Nf3 d5 2. c4 e6 3. g3 Nf6 4. Bg2 Be7 5. O-O O-O 6. d4 dxc4 7. Qc2 b6 8. Bg5
Bb7 9. Rd1 Nbd7 10. Nbd2 b5 11. a4 a6 12. b3 cxb3 13. Nxb3 h6 14. Bxf6 Nxf6 15.
Ne5 Bxg2 16. Kxg2 Bd6 17. Nc6 Qd7 18. e4 Be7 19. a5 Rfe8 20. f3 Bf8 21. Rac1
Rac8 22. Qc3 Ra8 23. Rc2 Qc8 24. Rdc1 Nd7 25. Nb4 Ra7 26. Nd3 Qb7 27. Qb2 Rc8
28. Rc6 Nb8 29. R6c3 c6 30. Qc2 Qc7 31. Ne5 Qd8 32. Nxc6 Nxc6 33. Rxc6 Rxc6 34.
Qxc6 Bb4 35. Qc8 Rd7 36. Qxd8+ Rxd8 37. f4 Ra8 38. Kf3 Kf8 39. e5 g6 40. Ke4 h5
41. h3 Ra7 42. g4 hxg4 43. hxg4 Ke7 44. Rc6 Kd7 45. Rb6 Be7 46. d5 exd5+ 47.
Kxd5 Bd8 48. Nc5+ Ke8 49. Rb8 Ke7 50. f5 gxf5 51. gxf5 f6 52. exf6+ Kxf6 53.
Rxd8 Kxf5 54. Rd6 b4 55. Rxa6 Rxa6 56. Nxa6 b3 57. Nc7 b2 58. a6 b1=Q 59. Kc6
Qe4+ 60. Kb6 Qb4+ 61. Kc6 Qc4+ 62. Kb7 Qe4+ 63. Kb6 Ke5 64. a7 Qd4+ 65. Kc6 Qa4+
66. Kb6 Qd4+ 67. Kb7 Qe4+ 68. Kc8 Kd6 69. a8=Q Qxa8+ 70. Nxa8 1/2-1/2

[Event "chess.com Junior Speed"]
[Site "chess.com INT"]
[Date "2019.06.18"]
[Round "1.1"]
[White "Gledura, Benjamin"]
[Black "Liang, Awonder"]
[Result "0-1"]
[WhiteTitle "GM"]
[BlackTitle "GM"]
[WhiteElo "2645"]
[BlackElo "2600"]
[WhiteFideId "712779"]
[BlackFideId "2056437"]
[EventDate "2019.05.16"]

1. Nf3 Nf6 2. d4 b6 3. g3 Bb7 4. Bg2 g6 5. O-O Bg7 6. c4 O-O 7. Nc3 Ne4 8. Nxe4
Bxe4 9. Be3 d6 10. Qd2 c5 11. Rfd1 Nd7 12. Rac1 Qc7 13. Bh6 Nf6 14. Bxg7 Kxg7
15. d5 Qb7 16. Bh3 b5 17. b3 bxc4 18. bxc4 Rab8 19. Ng5 h6 20. Nxe4 Nxe4 21. Qc2
Nf6 22. Rb1 Qa6 23. e4 Qa3 24. Re1 Rb4 25. Rxb4 Qxb4 26. Rb1 Qa5 27. f3 h5 28.
Kf2 h4 29. g4 Nd7 30. Bf1 Nb6 31. Rb5 Qa6 32. e5 Qa3 33. Rb3 Qa5 34. f4 Rd8 35.
g5 e6 36. exd6 Rxd6 37. Qb2+ Kg8 38. Re3 Rd8 39. Qf6 Nd7 40. Qc3 Qxa2+ 41. Re2
Qa6 42. dxe6 fxe6 43. Bh3 Nf8 44. Qf6 Re8 45. f5 gxf5 46. g6 Qb7 47. Bxf5 Qg7
48. Qg5 Qd4+ 49. Kg2 Qxc4 50. Bg4 Qd4 51. Qxh4 Qg7 52. Qg5 Qxg6 53. Qxg6+ Nxg6
54. Rxe6 Nf4+ 0-1

[Event "chess.com Junior Speed"]
[Site "chess.com INT"]
[Date "2019.06.18"]
[Round "1.2"]
[White "Liang, Awonder"]
[Black "Gledura, Benjamin"]
[Result "1/2-1/2"]
[WhiteTitle "GM"]
[BlackTitle "GM"]
[WhiteElo "2600"]
[BlackElo "2645"]
[WhiteFideId "2056437"]
[BlackFideId "712779"]
[EventDate "2019.05.16"]

1. Nf3 Nf6 2. e3 g6 3. c4 Bg7 4. b3 O-O 5. Bb2 d6 6. Be2 e5 7. d4 e4 8. Nfd2 Re8
9. Nc3 Nbd7 10. b4 Nf8 11. a3 Qe7 12. a4 h5 13. a5 Bf5 14. Qb3 Ne6 15. a6 b6 16.
h3 c5 17. bxc5 bxc5 18. d5 Nd4 19. exd4 cxd4 20. Nb5 d3 21. O-O dxe2 22. Rfe1 e3
23. fxe3 Qxe3+ 24. Qxe3 Rxe3 25. Nxd6 Rb8 26. Nxf5 gxf5 27. Bd4 Rd3 28. Nf3 Ne4
29. Bxg7 Kxg7 30. Rxe2 Rc8 31. Rc1 Rxd5 32. Nh4 Nd6 33. Re7 Rxc4 34. Rxc4 Nxc4
35. Rxa7 Ra5 36. Rc7 Nd6 37. a7 Nb5 38. Rc5 Ra1+ 39. Kh2 Nxa7 40. Nxf5+ Kg6 41.
Nh4+ Kh6 42. Rf5 Nc6 43. Rf6+ Kg5 44. Rxc6 Kxh4 45. Rc5 Ra2 46. Rf5 Re2 47. Rxf7
Kg5 48. Ra7 Re5 49. Kg3 h4+ 50. Kf3 Rf5+ 51. Ke4 Rf4+ 52. Ke3 Rb4 53. Ra5+ Kg6
54. Kf3 Rb3+ 55. Kf4 Rb4+ 56. Kf3 Rb3+ 57. Kf2 Rb2+ 58. Kg1 Rb4 1/2-1/2

[Event "chess.com Junior Speed"]
[Site "chess.com INT"]
[Date "2019.06.18"]
[Round "1.3"]
[White "Gledura, Benjamin"]
[Black "Liang, Awonder"]
[Result "1-0"]
[WhiteTitle "GM"]
[BlackTitle "GM"]
[WhiteElo "2645"]
[BlackElo "2600"]
[WhiteFideId "712779"]
[BlackFideId "2056437"]
[EventDate "2019.05.16"]

1. d4 Nf6 2. c4 e6 3. g3 d5 4. Bg2 Be7 5. Nf3 O-O 6. O-O Nbd7 7. Qc2 c6 8. Bf4
b6 9. Nc3 Ba6 10. cxd5 Nxd5 11. Rfd1 Nxf4 12. gxf4 Qc7 13. e3 Bb7 14. a3 Rac8
15. Nd2 Qb8 16. Nc4 Nf6 17. b4 Nd5 18. Rac1 Qa8 19. Ne5 Bd6 20. Ne4 Be7 21. Qe2
a5 22. bxa5 Qxa5 23. Nc4 Qa6 24. Qc2 Rfd8 25. a4 c5 26. dxc5 Bxc5 27. Ng5 g6 28.
Qb2 Bf8 29. Ne5 Rxc1 30. Rxc1 Nxe3 31. fxe3 Bxg2 32. Qxg2 Qxa4 33. Nexf7 Rd1+
34. Rxd1 Qxd1+ 35. Qf1 Qd2 36. Ne5 Qxe3+ 37. Qf2 Qc1+ 38. Kg2 Bc5 39. Qf3 Qc2+
40. Kg3 h6 41. Nxe6 Qf5 42. Qa8+ Kh7 43. Qb7+ Kg8 44. Qg7# 1-0

[Event "chess.com Junior Speed"]
[Site "chess.com INT"]
[Date "2019.06.18"]
[Round "1.4"]
[White "Liang, Awonder"]
[Black "Gledura, Benjamin"]
[Result "1/2-1/2"]
[WhiteTitle "GM"]
[BlackTitle "GM"]
[WhiteElo "2600"]
[BlackElo "2645"]
[WhiteFideId "2056437"]
[BlackFideId "712779"]
[EventDate "2019.05.16"]

1. d4 Nf6 2. Nf3 g6 3. g3 Bg7 4. Bg2 O-O 5. O-O d5 6. b3 c5 7. e3 Nc6 8. Bb2 Ne4
9. Nbd2 Bg4 10. h3 Bxf3 11. Bxf3 cxd4 12. Nxe4 dxe4 13. Bxe4 dxe3 14. Bxg7 exf2+
15. Rxf2 Kxg7 16. Qf3 Qc7 17. Raf1 f6 18. c4 Rad8 19. h4 Nd4 20. Qg2 b6 21. g4
Qe5 22. Bd5 e6 23. Be4 f5 24. gxf5 exf5 25. Bd5 f4 26. Rd1 f3 27. Qg5 Ne2+ 28.
Kf1 Ng3+ 29. Kg1 Qxg5 30. hxg5 Ne4 31. Rff1 Nxg5 32. Kf2 Rde8 33. Rfe1 h5 34. b4
h4 35. c5 bxc5 36. bxc5 Rxe1 37. Kxe1 h3 38. Kf2 h2 39. c6 Nh3+ 40. Kg3 f2 41.
Rf1 Nf4 42. Bh1 Ne2+ 43. Kxh2 Nd4 44. Kg3 Rc8 45. Rxf2 Nxc6 46. Rb2 Ne5 47. Rb7+
Kh6 48. Rxa7 Kg5 49. Ra3 Rc1 50. Bg2 Rc2 1/2-1/2

[Event "chess.com Junior Speed"]
[Site "chess.com INT"]
[Date "2019.06.18"]
[Round "1.5"]
[White "Gledura, Benjamin"]
[Black "Liang, Awonder"]
[Result "0-1"]
[WhiteTitle "GM"]
[BlackTitle "GM"]
[WhiteElo "2645"]
[BlackElo "2600"]
[WhiteFideId "712779"]
[BlackFideId "2056437"]
[EventDate "2019.05.16"]

1. e4 c6 2. d4 d5 3. e5 Bf5 4. Nd2 e6 5. Nb3 Nd7 6. Nf3 Ne7 7. Be2 Qc7 8. O-O h6
9. a4 g5 10. a5 Bg7 11. Bd2 c5 12. c4 O-O 13. Rc1 dxc4 14. Bxc4 Nc6 15. Re1 Rad8
16. h4 g4 17. Nh2 g3 18. fxg3 cxd4 19. g4 Bh7 20. g5 hxg5 21. Bxg5 Ndxe5 22.
Bxd8 Qxd8 23. Ng4 Qxh4 24. Nf2 Rd8 25. Nd2 d3 26. Ba2 Nd4 27. Rc7 Ne2+ 28. Rxe2
dxe2 29. Qxe2 Qg3 30. Nde4 Nf3+ 0-1

[Event "chess.com Junior Speed"]
[Site "chess.com INT"]
[Date "2019.06.18"]
[Round "1.6"]
[White "Liang, Awonder"]
[Black "Gledura, Benjamin"]
[Result "1/2-1/2"]
[WhiteTitle "GM"]
[BlackTitle "GM"]
[WhiteElo "2600"]
[BlackElo "2645"]
[WhiteFideId "2056437"]
[BlackFideId "712779"]
[EventDate "2019.05.16"]

1. Nf3 d5 2. b3 c6 3. Bb2 Bg4 4. e3 Nd7 5. Be2 e6 6. h3 Bh5 7. d3 Ngf6 8. Nbd2
Bd6 9. c4 O-O 10. Qc2 Qe7 11. g4 Bg6 12. Nh4 a5 13. a3 b5 14. Nxg6 hxg6 15. h4
bxc4 16. bxc4 Rab8 17. Nb3 a4 18. Nd4 Rfc8 19. h5 e5 20. Nf3 gxh5 21. gxh5 Nc5
22. d4 exd4 23. Nxd4 Qe4 24. Qxe4 Nfxe4 25. O-O-O Nxf2 26. Nf5 Nxd1 27. Rxd1
Rxb2 28. Kxb2 Be5+ 29. Kc2 Rb8 30. Rb1 Rxb1 31. Kxb1 Kf8 32. Kc2 g6 33. hxg6
fxg6 34. Nd4 Bxd4 35. exd4 Ne6 36. Kc3 g5 37. cxd5 cxd5 38. Bg4 Ke7 39. Bd1 Nf4
40. Kb4 Kd6 41. Kxa4 Ne6 42. Kb4 Nxd4 43. a4 Kc6 44. Kc3 Ne6 45. Bg4 Nc5 46. Kb4
Nd3+ 47. Kc3 Ne5 48. Be2 Kc5 49. a5 d4+ 50. Kd2 g4 51. a6 Kb6 52. Bxg4 Nxg4 53.
Kd3 Nf6 54. Kxd4 Kxa6 1/2-1/2

[Event "chess.com Junior Speed"]
[Site "chess.com INT"]
[Date "2019.06.18"]
[Round "1.7"]
[White "Gledura, Benjamin"]
[Black "Liang, Awonder"]
[Result "1-0"]
[WhiteTitle "GM"]
[BlackTitle "GM"]
[WhiteElo "2645"]
[BlackElo "2600"]
[WhiteFideId "712779"]
[BlackFideId "2056437"]
[EventDate "2019.05.16"]

1. d4 Nf6 2. Nf3 b6 3. g3 Bb7 4. Bg2 g6 5. O-O Bg7 6. c4 O-O 7. d5 Ne4 8. Qc2 f5
9. Rd1 Na6 10. Be3 Nb4 11. Qc1 a5 12. Bd4 Qe8 13. Bxg7 Kxg7 14. Nc3 Nd6 15. Ne5
Na6 16. e4 Nc5 17. exf5 Rxf5 18. f4 Nf7 19. Qe3 Nxe5 20. fxe5 e6 21. g4 Rf7 22.
Rf1 Qe7 23. Rxf7+ Qxf7 24. Rf1 Qe7 25. Nb5 Rf8 26. Rxf8 Qxf8 27. Nxc7 Qd8 28.
Nb5 Qh4 29. h3 h5 30. gxh5 Qxh5 31. Kh2 Qd1 32. Nd6 exd5 33. Qf4 Qe2 34. Qf6+
Kh7 35. Nf7 1-0